<?xml version='1.0' encoding='UTF-8'?>
  <record xmlns="http://www.loc.gov/MARC21/slim">
    <leader>00000cam a2200000Mi 4500</leader>
    <controlfield tag="001">ocn914280011</controlfield>
    <controlfield tag="003">OCoLC</controlfield>
    <controlfield tag="005">20240127100239.6</controlfield>
    <controlfield tag="008">110304s1758    ne            000 0 dut d</controlfield>
    <datafield tag="040" ind1=" " ind2=" ">
      <subfield code="a">NLGGC</subfield>
      <subfield code="b">dut</subfield>
      <subfield code="e">fobidrtb</subfield>
      <subfield code="c">NLGGC</subfield>
      <subfield code="d">QGJ</subfield>
      <subfield code="d">OCLCA</subfield>
      <subfield code="d">OCLCO</subfield>
      <subfield code="d">OCLCA</subfield>
      <subfield code="d">OCLCL</subfield>
    </datafield>
    <datafield tag="066" ind1=" " ind2=" ">
      <subfield code="c">(S</subfield>
    </datafield>
    <datafield tag="026" ind1=" " ind2=" ">
      <subfield code="e">175808 - b1 A yn : b2 C5 oor</subfield>
      <subfield code="2">stcnf</subfield>
    </datafield>
    <datafield tag="029" ind1="0" ind2=" ">
      <subfield code="a">NLGGC</subfield>
      <subfield code="b">332643239</subfield>
    </datafield>
    <datafield tag="035" ind1=" " ind2=" ">
      <subfield code="a">(OCoLC)914280011</subfield>
    </datafield>
    <datafield tag="100" ind1="1" ind2=" ">
      <subfield code="a">Hartsinck, Jan Jacob,</subfield>
      <subfield code="d">1716-1779.</subfield>
      <subfield code="1">https://id.oclc.org/worldcat/entity/E39PBJpjj3FFxxTK6tTxmGWVYP</subfield>
    </datafield>
    <datafield tag="245" ind1="1" ind2="3">
      <subfield code="a">De Hagenaar te Enkhuizen, blyspel. /</subfield>
      <subfield code="c">gevolgt na de François à Londres van de Boussy ; onder de zinspreuk O laborum dulce leninem.</subfield>
    </datafield>
    <datafield tag="260" ind1=" " ind2=" ">
      <subfield code="a">te Amsterdam :</subfield>
      <subfield code="b">by Izaak Duim, boekverkooper, op de hoek van den Voorburgwal en Stilsteeg.,</subfield>
      <subfield code="c">1758.</subfield>
    </datafield>
    <datafield tag="300" ind1=" " ind2=" ">
      <subfield code="a">[8], 48 pagina's:</subfield>
      <subfield code="b">titelgravure ;</subfield>
      <subfield code="c">in-8.</subfield>
    </datafield>
    <datafield tag="336" ind1=" " ind2=" ">
      <subfield code="a">tekst</subfield>
      <subfield code="b">txt</subfield>
      <subfield code="2">rdacontent/dut</subfield>
    </datafield>
    <datafield tag="337" ind1=" " ind2=" ">
      <subfield code="a">zonder medium</subfield>
      <subfield code="b">n</subfield>
      <subfield code="2">rdamedia/dut</subfield>
    </datafield>
    <datafield tag="338" ind1=" " ind2=" ">
      <subfield code="a">band</subfield>
      <subfield code="b">nc</subfield>
      <subfield code="2">rdacarrier/dut</subfield>
    </datafield>
    <datafield tag="500" ind1=" " ind2=" ">
      <subfield code="6">880-01</subfield>
      <subfield code="a">Bewerking door J.J. Hartsinck van: L. de Boissy, Le Franc̜ois à Londres.</subfield>
    </datafield>
    <datafield tag="500" ind1=" " ind2=" ">
      <subfield code="a">Met motto: O laborum dulce lenimen.</subfield>
    </datafield>
    <datafield tag="500" ind1=" " ind2=" ">
      <subfield code="a">A1, voorlaatste regel: fabriceren; 4de regel van onderen passeeren.</subfield>
    </datafield>
    <datafield tag="510" ind1="4" ind2=" ">
      <subfield code="a">Short title catalogue Netherlands,</subfield>
      <subfield code="c">296583871</subfield>
    </datafield>
    <datafield tag="510" ind1="4" ind2=" ">
      <subfield code="a">Van Aken 2,</subfield>
      <subfield code="c">151</subfield>
    </datafield>
    <datafield tag="530" ind1=" " ind2=" ">
      <subfield code="a">Titel is gedigitaliseerd voor de Koninklijke Bibliotheek in het kader van het Google Books-project.</subfield>
    </datafield>
    <datafield tag="700" ind1="1" ind2=" ">
      <subfield code="a">Boissy, Louis de,</subfield>
      <subfield code="d">1694-1758.</subfield>
      <subfield code="1">https://id.oclc.org/worldcat/entity/E39PBJvXdBQM3XGQgfWFdjFBT3</subfield>
    </datafield>
    <datafield tag="700" ind1="1" ind2=" ">
      <subfield code="a">Fokke, Jan,</subfield>
      <subfield code="d">ca. 1745-1812.</subfield>
      <subfield code="4">egr</subfield>
      <subfield code="1">https://id.oclc.org/worldcat/entity/E39PCjtJB4cCCkR7yJVXCf8q6X</subfield>
    </datafield>
    <datafield tag="700" ind1="1" ind2=" ">
      <subfield code="a">Klippink, D.</subfield>
      <subfield code="4">dsr</subfield>
    </datafield>
    <datafield tag="710" ind1="0" ind2=" ">
      <subfield code="a">Duim, Izaak (Amsterdam)</subfield>
      <subfield code="4">bsl</subfield>
      <subfield code="0">(NL-LeOCL)077131843</subfield>
    </datafield>
    <datafield tag="758" ind1=" " ind2=" ">
      <subfield code="a">De Hagenaar te Enkhuizen, blyspel (Text)</subfield>
      <subfield code="1">https://id.oclc.org/worldcat/entity/E39PCH7BxXxQhmm3Ggx8GHGhtq</subfield>
      <subfield code="4">https://id.oclc.org/worldcat/ontology/hasWork</subfield>
    </datafield>
    <datafield tag="776" ind1="0" ind2=" ">
      <subfield code="t">De Hagenaar te Enkhuizen, blyspel.</subfield>
      <subfield code="w">(NL-LeOCL)383487145</subfield>
    </datafield>
    <datafield tag="880" ind1=" " ind2=" ">
      <subfield code="6">500-01/(S</subfield>
      <subfield code="a">Collatieformule: π⁴ A-C⁸.</subfield>
    </datafield>
  </record>